000 01242nam a22003497a 4500
003 CHAP
005 20220329135218.0
008 971013s1974 r 00010 d
010 _a32678
011 _a33650
035 _a37766
040 _cCHAP
082 _a663.2
_bN6 1974
100 0 0 _aNoguera Pujol, José.
_981588
245 _aEnotecnia industrial nuevos métodos de elaboración de mostos y vinos conjugados con las normas de comercialización
250 _a2 ed.
260 _aLérida, España :
_bDilagro,
_c1974
300 _a763 p.
_b: ilus.
490 _aTecnología de la producción y de las industrias agrarias
590 _aBATCH-UPD
_b10
_c20130110
_lUCH01
_h0120
590 _aBATCH-UPD
_b10
_c20130110
_lUCH01
_h2008
590 _aBATCH-UPD
_b10
_c20130409
_lUCH01
_h2114
590 _aBATCH-UPD
_b10
_c20130410
_lUCH01
_h1327
590 _aBATCH-UPD
_b10
_c20130914
_lUCH01
_h2043
590 _aCONVERSION
_b10
_c20130109
_lUCH01
_h1318
650 1 4 _aVino
_xElaboración.
_9119861
650 1 4 _aVino
_xElaboración
_xLeyes.
_9119868
830 0 _aTecnología de la producción y de las industrias agrarias
_9111962
901 _aBK
942 _cLIBRO
949 _a663.2 N6 1974
_bBC
_cLIBRO
_d-86478
_eLIBRO
_h38496
_i37766
_si
999 _c32678
_d32678